000 00546nam a22001817a 4500
005 20251108172702.0
008 250721s2003 xx 000 0 ara d
082 1 4 _a616.7/حجا
100 1 _aحجازي، أحمد توفيق
_eمؤلف
245 1 0 _aكيف تنجو من الآم الظهر والمفاصل ؟ /
264 1 _aعمان :
_bدار عالم الثقافة،
_c2003.
300 _a80ص
650 1 7 _aأمراض العظام
650 1 7 _aألم الظهر
650 1 7 _aالمفاصل
942 _2ddc
_cBK
999 _c85909
_d85909